<?xml version="1.0" encoding="UTF-8"?>
<record
    xmlns:xsi="http://www.w3.org/2001/XMLSchema-instance"
    xsi:schemaLocation="http://www.loc.gov/MARC21/slim http://www.loc.gov/standards/marcxml/schema/MARC21slim.xsd"
    xmlns="http://www.loc.gov/MARC21/slim">

  <leader>00268nam a2200097Ia 4500</leader>
  <controlfield tag="001">641976</controlfield>
  <controlfield tag="005">20250826153517.0</controlfield>
  <controlfield tag="008">250824s9999    xx            000 0 und d</controlfield>
  <datafield tag="245" ind1=" " ind2="0">
    <subfield code="a">LEVENT &#x130;Z PE&#x15E;&#x130;NDE  27 K&#xDC;T&#xDC;PHANE MUHAFIZI</subfield>
    <subfield code="c">MUSTAFA ORAK&#xC7;I</subfield>
  </datafield>
  <datafield tag="260" ind1=" " ind2=" ">
    <subfield code="b">T&#x130;MA&#x15E; &#xC7;OCUK</subfield>
  </datafield>
  <datafield tag="999" ind1=" " ind2=" ">
    <subfield code="c">641976</subfield>
    <subfield code="d">641976</subfield>
  </datafield>
</record>
